| 000 | 01219am a2200397a 44500 | ||
|---|---|---|---|
| 003 | AR-BaBNM | ||
| 005 | 20251128211202.0 | ||
| 008 | 043020s2000 #AR|||||||||||000 | spa|| | ||
| 020 | _a987-9191-91-9 | ||
| 040 | _cAR-BaBNM | ||
| 245 | 1 | 0 |
_aCuestiones a resolver en la enseñanza de la lengua _breflexiones y propuestas para el segundo ciclo |
| 250 | _a1ª ed. | ||
| 260 |
_aBuenos Aires _bEdiciones Novedades Educativas _c2000 |
||
| 300 |
_a141 p. _bil., tablas |
||
| 490 | 0 | _aRecursos didácticos | |
| 504 | _aContiene referencias bibliográficas al final de cada capítulo | ||
| 650 | 4 | _aENSEÑANZA DE LA ESCRITURA | |
| 650 | 4 | _aMEJORA DE LA LECTURA | |
| 650 | 4 | _aLENGUAJE HABLADO | |
| 653 | _aSEGUNDO CICLO DE LA EGB | ||
| 653 | _aENSEÑANZA DE LA LENGUA | ||
| 653 | _aESTRATEGIAS DIDACTICAS | ||
| 653 | _aTIPOS DE TEXTOS | ||
| 653 | _aPROYECTOS DE AULA | ||
| 700 | 1 |
_aRojo, Mónica _ecompilador |
|
| 700 | 1 | _aLotito, Liliana | |
| 700 | 1 | _aCaironi, Graciela | |
| 700 | 1 | _aPivarc, Paula | |
| 700 | 1 | _aKlein, Irene | |
| 700 | 1 | _aChistik, Mariana | |
| 700 | 1 | _aTedesco, Gladys | |
| 700 | 1 | _aMermelstein, Silvana | |
| 700 | 1 | _aPiantanida, Graciela | |
| 942 | _cBK | ||
| 998 | _craquel | ||
| 999 |
_c18624 _d18624 |
||